[Event "New York op"]
[Site "New York"]
[Date "1997.??.??"]
[Round "?"]
[White "Granda Zuniga, Julio E"]
[Black "Bologan, Viktor"]
[Result "0-1"]
[WhiteElo "2620"]
[BlackElo "2575"]

1.e4 g6 2.d4 Bg7 3.Nc3 c6 4.Bc4 d6 5.Qf3 e6 6.Nge2 b5 7.Bb3 a5 8.a3 Ba6 9.Be3 Nd7
10.O-O Ngf6 11.e5 dxe5 12.Qxc6 Qc8 13.Qxc8+ Rxc8 14.a4 b4 15.Nb5 O-O 16.c3 exd4
17.Bxd4 Nc5 18.Bc4 Nce4 19.Bd3 Nd2 20.Rfd1 Nb3 21.Rab1 Nxd4 22.Nexd4 Nd5
23.cxb4 Nxb4 24.Bf1 Bxd4 25.Rxd4 Rfd8 26.Rxd8+ Rxd8 27.Na3 Bb7 28.Rc1 Kg7
29.f3 Bc6 30.Bb5 Bxb5 31.axb5 Kf6 32.Nc4 Rb8 33.Ra1 Rxb5 34.Rxa5 Rb7 35.Nd6 Rd7
36.Ne4+ Ke7 37.Rb5 Nd3 38.h4  0-1

[Event "New York op"]
[Site "New York"]
[Date "1997.??.??"]
[Round "?"]
[White "Ashley, Maurice"]
[Black "Granda Zuniga, Julio E"]
[Result "0-1"]
[WhiteElo "2465"]
[BlackElo "2620"]

1.e4 e6 2.d4 d5 3.exd5 exd5 4.c4 Nf6 5.Nc3 Be7 6.Bd3 Nc6 7.cxd5 Nxd5 8.Nge2 Be6
9.O-O O-O 10.Be3 g6 11.Qd2 Re8 12.Rac1 Qd7 13.Rfd1 Rad8 14.Bb5 a6 15.Bxc6 bxc6
16.Nxd5 Bxd5 17.Qc2 Qg4 18.Ng3 Bd6 19.f3 Bxf3 20.gxf3 Qxf3 21.Nf1 Rxe3 22.Nxe3 Qxe3+
23.Kh1 Bf4 24.Rf1 Rxd4 25.Rce1 Qh3 26.Rf2 Qd7 27.Qe2 Qd5+ 28.Qf3 Bd6 29.Ref1 f5
30.Rc2 Re4 31.b3 Kf7 32.Qg2 Rh4 33.Qxd5+ cxd5 34.Rff2 a5 35.Rc6 a4 36.bxa4 Rxa4
37.Rfc2 Ke6 38.Kg2 Kd7 39.R6c3 c5 40.Rb3 Kc6 41.Rcb2 Bc7 42.Re3 c4 43.Re6+ Bd6  0-1

[Event "Pamplona 9798"]
[Site "Pamplona"]
[Date "1997.??.??"]
[Round "4"]
[White "Granda Zuniga, Julio E"]
[Black "Lutz, Christopher"]
[Result "0-1"]
[WhiteElo "2620"]
[BlackElo "2555"]

1.d4 d5 2.c4 e6 3.Nc3 Be7 4.cxd5 exd5 5.Bf4 c6 6.Qc2 Bd6 7.Bg3 Ne7 8.e3 Bf5
9.Bd3 Bxd3 10.Qxd3 O-O 11.Nge2 Na6 12.a3 Rc8 13.b4 Nc7 14.Rb1 Ne6 15.Na4 b6
16.Nac3 Qd7 17.O-O Bxg3 18.hxg3 Rfd8 19.Rfd1 Qe8 20.Rb2 f6 21.Qb1 b5 22.Nc1 Qg6
23.Qxg6 hxg6 24.g4 Rc7 25.Nb3 Nc8 26.a4 a6 27.Nc5 Nxc5 28.bxc5 Ne7 29.Ra1 Rb7
30.a5 Kf7 31.Na2 Ke6 32.Nb4 Ra7 33.f3 Kd7 34.g3 Kc7 35.Rh2 Raa8 36.Rh7 Rg8
37.e4 Rad8 38.Rd1 Kb7 39.e5 fxe5 40.dxe5 d4 41.e6 Nd5 42.Rxd4 Rde8 43.Nxd5 cxd5
44.Rxd5 Rxe6 45.Rd7+ Kc6 46.Rhxg7 Rxg7 47.Rxg7 b4 48.Kf2 b3 49.Rg8 Kc7 50.Rg7+ Kc6
51.Rg8 Kxc5 52.Rb8 Kc4 53.f4 Rc6 54.f5 Kc3 55.Ke3 b2 56.fxg6 Rxg6 57.Kf4 Rc6
58.Rxb2 Kxb2 59.g5 Rc4+ 60.Kf5 Rc5+ 61.Kf6 Rxa5 62.g6 Ra4 63.Kf5 Rb4  0-1

[Event "PER-ch45"]
[Site "Peru"]
[Date "1997.??.??"]
[Round "1"]
[White "Pacheco Asmat, Jorge"]
[Black "Granda Zuniga, Julio E"]
[Result "1/2-1/2"]
[WhiteElo "2375"]
[BlackElo "2620"]

1.d4 Nf6 2.c4 e6 3.Nc3 Bb4 4.Nf3 d6 5.e3 Nbd7 6.Bd2 O-O 7.a3 Bxc3 8.Bxc3 Ne4
9.Qc2 f5 10.Bd3 Ndf6 11.O-O b6 12.Nd2 Bb7 13.Nxe4 Nxe4 14.f3 Nxc3 15.Qxc3 Qf6
16.e4 c5 17.dxc5 Qxc3 18.bxc3 bxc5 19.exf5 exf5 20.Rfe1 g6 21.Rab1 Bc6 22.Re7 Rf7
23.Re6 Rd7 24.h4 Kf7 25.Re2 Rb7 26.Rxb7+ Bxb7 27.Kf2 Bc6 28.Rb2 Rf8 29.g3 Kf6
30.f4 Re8 31.Bf1 h6 32.Rd2 Re6 33.Bg2 Bxg2 34.Kxg2 Ke7 35.Kf3 Kd7 36.Re2 Rf6
37.Ke3 Rf8 38.Kd3 Rb8 39.Kc2 Rg8 40.Kd3 g5 41.hxg5 hxg5 42.Rh2 gxf4 43.Rh7+ Ke6
44.gxf4 Rg3+ 45.Kd2 Rf3 46.Rh6+ Kd7 47.Rh7+ Kc6 48.Rxa7 Rxf4 49.Rf7 Rxc4
50.Rxf5 Rh4 51.Kc2 c4 52.a4 Rh2+ 53.Kb1 d5 54.Rf6+ Kc5 55.a5 Rh1+ 56.Kb2 Rh2+
57.Kb1 Rh1+ 58.Kb2 Rh2+ 59.Kb1  1/2-1/2

[Event "PER-ch45"]
[Site "Peru"]
[Date "1997.??.??"]
[Round "2"]
[White "Galvan, Jesus"]
[Black "Granda Zuniga, Julio E"]
[Result "0-1"]
[WhiteElo "2115"]
[BlackElo "2620"]

1.d4 d5 2.c4 dxc4 3.Nf3 a6 4.a4 Nf6 5.Nc3 Nc6 6.e3 Na5 7.Ne5 Be6 8.g4 g6
9.Bg2 Bg7 10.f4 Nd7 11.Qf3 Nxe5 12.dxe5 Qd3 13.Kf2 Qc2+ 14.Kg3 h5 15.gxh5 gxh5
16.h3 O-O-O 17.Rf1 Bd7 18.e4 Nb3 19.Rb1 Bc6 20.Rf2 Qd3 21.Be3 Nd4 22.Bxd4 Rxd4
23.Rd1 h4+ 24.Kh2 Qxf3 25.Bxf3 Rxd1 26.Bxd1 e6 27.Rg2 Bf8 28.Bh5 Be8 29.Be2 b5
30.axb5 axb5 31.f5 Bh6 32.Rg4 Be3 33.Kg2 Bd4 34.Kf1 Bxe5 35.fxe6 fxe6 36.Rg5 Bf6
37.Rc5 Bd4 38.Rg5 e5 39.Bg4+ Kb7 40.Be6 c6 41.Ke1 Kb6 42.Kd2 Rh6 43.Bf5 Rd6
44.Kc2 b4 45.Nd1 c5  0-1

[Event "PER-ch45"]
[Site "Peru"]
[Date "1997.??.??"]
[Round "4"]
[White "Belli, Mario"]
[Black "Granda Zuniga, Julio E"]
[Result "0-1"]
[WhiteElo "2420"]
[BlackElo "2620"]

1.c4 e5 2.Nc3 Nc6 3.g3 f5 4.Bg2 Nf6 5.d3 Bb4 6.e3 Bxc3+ 7.bxc3 Qe7 8.Ne2 O-O
9.Qb3 e4 10.d4 Qf7 11.c5 b6 12.f3 Ba6 13.Qxf7+ Rxf7 14.fxe4 Nxe4 15.g4 bxc5
16.gxf5 Re8 17.a3 Bxe2 18.Kxe2 Rxf5 19.Bxe4 Rxe4 20.Rb1 Rg4 21.Rb5 Rg2+ 22.Kd3 a6
23.Rb2 Rxb2 24.Bxb2 Na5 25.c4 cxd4 26.Bxd4 Nb7 27.Rg1 Nc5+ 28.Ke2 Ne6 29.Bc3 Rh5
30.Rg2 g6 31.Be1 Re5 32.Bc3 Re4 33.Kd3 Nc5+  0-1

[Event "PER-ch45"]
[Site "Peru"]
[Date "1997.??.??"]
[Round "6"]
[White "Gonzales, Manuel"]
[Black "Granda Zuniga, Julio E"]
[Result "0-1"]
[WhiteElo "2260"]
[BlackElo "2620"]

1.e4 d6 2.d4 Nf6 3.Bd3 g6 4.Nf3 Bg7 5.O-O O-O 6.Re1 c6 7.h3 Nbd7 8.Na3 e5
9.c3 Qc7 10.Bc2 b5 11.Nb1 a5 12.a4 b4 13.Nbd2 Ba6 14.cxb4 axb4 15.dxe5 dxe5
16.Bb3 Nc5 17.Qc2 Nfd7 18.Bc4 Bxc4 19.Qxc4 Nxa4 20.Nb3 c5 21.Rd1 Ndb6 22.Qc2 c4
23.Be3 Rfc8 24.Nc1 Qb7 25.b3 cxb3 26.Qxb3 Nc3 27.Rxa8 Nxa8 28.Re1 Qb5 29.Nd2 Nc7
30.Nc4 Ne8 31.Nb2 Bf8 32.Ncd3 Rd8 33.Ra1 Rxd3 34.Nxd3 Qxd3 35.Kh2 Qxe4 36.Ra5 Nc7
37.Ra7 N7d5 38.Bg5 Kg7 39.f3 Qf5 40.Bd2 h5 41.Qc4 Qe6 42.Ra6 Qd7 43.Bg5 Be7  0-1

[Event "PER-ch45"]
[Site "Peru"]
[Date "1997.??.??"]
[Round "9"]
[White "Granda Zuniga, Julio E"]
[Black "Oblitas, Carlomagno"]
[Result "1-0"]
[WhiteElo "2620"]
[BlackElo "2420"]

1.Nf3 Nf6 2.c4 g6 3.Nc3 Bg7 4.e4 d6 5.d4 O-O 6.Be2 e5 7.O-O Nc6 8.d5 Ne7
9.b4 Nh5 10.Re1 f5 11.Ng5 Nf6 12.Bf3 fxe4 13.Ncxe4 Nf5 14.Bb2 Nh4 15.Be2 Nxe4
16.Nxe4 Bf5 17.Bd3 Bxe4 18.Bxe4 a5 19.a3 axb4 20.axb4 Rxa1 21.Qxa1 Qg5 22.Bc1 Qe7
23.Qc3 b6 24.g3 Nf5 25.Kg2 Qf7 26.Rf1 Qd7 27.Bb2 Qe7 28.Qd3 Qd7 29.Ra1 Kh8
30.Bc3 Qf7 31.Be1 Qe7 32.Ra7 Qd7 33.h3 Qf7 34.Qa3 Nd4 35.Ra8 Rxa8 36.Qxa8+ Qf8
37.Qb7 Qe7 38.Qc8+ Bf8 39.Bd2 Kg7 40.h4 Qf7 41.f4 Qe7 42.Qg4 exf4 43.Bd3 Kg8
44.h5 g5 45.gxf4 Nb3 46.Bc3 Nc1 47.Bf5 Bg7 48.Be6+ Kh8 49.Bd2 Nb3 50.Be3 gxf4
51.Bxf4 Nd4 52.h6 Nxe6 53.dxe6 Bf6 54.Qf5 Kg8 55.b5 Qf8 56.Kh3 Qa8 57.Bh2 Qa3+
58.Bg3 Qc3 59.Qh5  1-0

[Event "PER-ch45"]
[Site "Peru"]
[Date "1997.??.??"]
[Round "11"]
[White "Granda Zuniga, Julio E"]
[Black "Munoz Pantoja, Miguel"]
[Result "1-0"]
[WhiteElo "2620"]
[BlackElo "2290"]

1.e4 c5 2.Nf3 Nc6 3.Bb5 g6 4.O-O Bg7 5.c3 e5 6.Na3 Nge7 7.Nc4 O-O 8.Nd6 Qb6
9.Re1 a6 10.Bf1 Nd8 11.Nc4 Qc7 12.a4 d6 13.d4 Ne6 14.d5 Nd8 15.a5 Bg4 16.h3 Bxf3
17.Qxf3 f5 18.b4 Nf7 19.Rb1 cxb4 20.cxb4 fxe4 21.Qxe4 Nf5 22.h4 N7h6 23.Rb3 Nd4
24.Rh3 Qf7 25.f3 Nhf5 26.Bd3 Rac8 27.h5 Rxc4 28.Bxc4 gxh5 29.Bd3 Bf6 30.Bb2 Kh8
31.f4 Bh4 32.Rf1  1-0

[Event "ESP-chT"]
[Site "Ponferrada"]
[Date "1997.??.??"]
[Round "1"]
[White "Granda Zuniga, Julio E"]
[Black "Tkachiev, Vladislav"]
[Result "1-0"]
[WhiteElo "2625"]
[BlackElo "2615"]

1.d4 Nf6 2.c4 g6 3.Nc3 Bg7 4.e4 d6 5.Nf3 O-O 6.Be2 Na6 7.O-O e5 8.Re1 exd4
9.Nxd4 Re8 10.Bf3 h6 11.Be3 Nc5 12.Qc2 Bg4 13.Kh1 Bxf3 14.gxf3 Nh5 15.Rg1 Kh7
16.Rg2 c6 17.Nde2 Qh4 18.Rag1 Qh3 19.Ng3 Be5 20.Nce2 Nxg3+ 21.fxg3 a5 22.Rd1 Rad8
23.Nf4 Qc8 24.Rgd2 Nd7 25.Kg2 Qc7 26.h4 h5 27.Nh3 Nb6 28.f4 Bf6 29.Bxb6 Qxb6
30.Rxd6 Rxd6 31.Rxd6 Qxb2 32.Qxb2 Bxb2 33.Rd7 Rxe4 34.Ng5+  1-0

[Event "ESP-chT"]
[Site "Ponferrada"]
[Date "1997.??.??"]
[Round "4"]
[White "San Segundo, Pablo"]
[Black "Granda Zuniga, Julio E"]
[Result "1/2-1/2"]
[WhiteElo "2495"]
[BlackElo "2625"]

1.d4 Nf6 2.c4 e6 3.Nf3 b6 4.e3 Bb7 5.Bd3 Be7 6.Nc3 d5 7.b3 O-O 8.O-O Na6
9.Bb2 c5 10.Ne5 Nb4 11.Be2 Qb8 12.a3 Nc6 13.Nxc6 Bxc6 14.cxd5 exd5 15.Bf3 Qb7
16.g3 Rad8 17.Bg2 Rfe8 18.Re1 Bf8 19.Rc1 Ne4 20.Qc2 Bd7 21.Nxe4 dxe4 22.dxc5 bxc5
23.Red1 Bf5 24.Rxd8 Rxd8 25.Bc3 h5 26.h3 Rb8 27.Be5 Re8 28.Bc3 Qc8 29.Kh2 Bd6
30.Qd1 Re6 31.Qd5 Rg6 32.h4 Bd7 33.Qxe4 Bc6 34.Qd3 Qg4 35.Be1 Qxh4+ 36.Kg1 Bxg2
37.Kxg2 Qe7 38.Rc4 Qb7+ 39.Kg1 Be7 40.b4 h4 41.bxc5 hxg3 42.fxg3 Qc6 43.Bf2 Bxc5
44.Qd8+ Kh7 45.Rh4+ Rh6 46.Qd3+ Qg6 47.Rxh6+ Kxh6 48.e4 Bxf2+ 49.Kxf2 Qb6+
50.Kf3  1/2-1/2

[Event "ESP-chT"]
[Site "Ponferrada"]
[Date "1997.??.??"]
[Round "7"]
[White "Granda Zuniga, Julio E"]
[Black "Mitkov, Nikola"]
[Result "1-0"]
[WhiteElo "2625"]
[BlackElo "2455"]

1.d4 Nf6 2.Nf3 d5 3.c4 e6 4.Nc3 Bb4 5.Bg5 h6 6.Bh4 dxc4 7.Qa4+ Nc6 8.a3 Bxc3+
9.bxc3 Qd5 10.Nd2 Ne4 11.Nxe4 Qxe4 12.Bg3 Bd7 13.f3 Qg6 14.Qxc4 Qc2 15.Qd3 Qxd3
16.exd3 O-O-O 17.Be2 Ne7 18.Kd2 Bc6 19.h4 Nf5 20.Bf2 h5 21.Rh2 Rh7 22.Bd1 a6
23.Bb3 Bd5 24.Ba4 Ne7 25.Re1 Bc6 26.Bb3 Ng6 27.Rh3 Rd6 28.Reh1 Ne7 29.Re1 Ng6
30.a4 Bd5 31.c4 Bc6 32.a5 Rd8 33.Kc3 Rd7 34.Be3 Rd6 35.Bg5 Kb8 36.Rg3 Rd7
37.f4 Rd6 38.f5 exf5 39.d5 f4 40.dxc6 fxg3 41.Re8+ Ka7 42.Be3+  1-0

[Event "Villarrobledo rapid op"]
[Site "Villarrobledo"]
[Date "1997.??.??"]
[Round "7"]
[White "Garcia Trobat, Francisco"]
[Black "Granda Zuniga, Julio E"]
[Result "0-1"]
[WhiteElo "2315"]
[BlackElo "2625"]

1.d4 Nf6 2.c4 e6 3.Nf3 b6 4.g3 Ba6 5.b3 b5 6.cxb5 Bxb5 7.Bg2 Bb4+ 8.Bd2 a5
9.Nc3 Bc6 10.O-O Qc8 11.Qc2 Qb7 12.Ne1 Bxg2 13.Nxg2 O-O 14.Bg5 Bxc3 15.Qxc3 Ne4
16.Qf3 d5 17.Be3 Nd7 18.Rfc1 Rfc8 19.Nf4 a4 20.Rab1 axb3 21.Rxb3 Qa6 22.Rb2 c5
23.dxc5 Ne5 24.Qh5 Nc4 25.Rb4 Nxe3 26.fxe3 Nxc5 27.Qe5 Nd7 28.Rxc8+ Rxc8
29.Qb2 Qa7 30.Ng2 Rc7 31.a4 g6 32.h4 h6 33.Kh2 e5 34.e4 d4 35.Qb3 Qa6 36.Qf3 Rc3
37.Qg4 Nf6  0-1

[Event "Hoogovens"]
[Site "Wijk aan Zee"]
[Date "1997.??.??"]
[Round "1"]
[White "Granda Zuniga, Julio E"]
[Black "Yermolinsky, Alex"]
[Result "0-1"]
[WhiteElo "2620"]
[BlackElo "2630"]

1.d4 Nf6 2.c4 g6 3.Nc3 d5 4.cxd5 Nxd5 5.e4 Nxc3 6.bxc3 Bg7 7.Ba3 O-O 8.Bc4 b6
9.Qf3 Bb7 10.Ne2 c5 11.O-O Nc6 12.Bd5 e6 13.Bxc6 Bxc6 14.dxc5 Qe7 15.Nd4 Ba4
16.Qe3 Rac8 17.Nb3 Rfd8 18.Rfd1 Rxd1+ 19.Rxd1 bxc5 20.Rd3 Bxb3 21.axb3 Qc7
22.g3 h5 23.Qd2 Qb7 24.Rd8+ Rxd8 25.Qxd8+ Kh7 26.Qd1 c4 27.bxc4 Qxe4 28.Qd7 h4
29.gxh4 Qg4+ 30.Kh1 Qxc4 31.Kg1 Qxc3 32.Qxa7 Qe1+ 33.Kg2 Qe4+ 34.f3 Qf4 35.Bc5 Qxh4
36.Be3 Qf6 37.Qd7 Qf5 38.Qa4 Bf6 39.h3 Bg5 40.Bxg5 Qxg5+ 41.Kf2 Qd2+ 42.Kg3 e5
43.Qh4+ Kg7 44.Qe7 Qf4+ 45.Kg2 Qf6 46.Qc7 Kh6 47.Qc8 Qg5+ 48.Kf2 Qd2+ 49.Kg3 Qf4+
50.Kg2 Kg5 51.Qd8+ f6 52.Qe7 Qd4 53.Qe6 Qd2+  0-1

[Event "Hoogovens"]
[Site "Wijk aan Zee"]
[Date "1997.??.??"]
[Round "5"]
[White "Granda Zuniga, Julio E"]
[Black "Onischuk, Alexander"]
[Result "1/2-1/2"]
[WhiteElo "2620"]
[BlackElo "2580"]

1.d4 Nf6 2.c4 e6 3.Nf3 b6 4.Nc3 Bb4 5.e3 Bb7 6.Bd3 O-O 7.O-O d5 8.cxd5 exd5
9.Ne2 Nbd7 10.b3 Qe7 11.Bb2 Bd6 12.Ng3 g6 13.Rc1 Ne4 14.Bb5 a6 15.Bc6 Bxc6
16.Rxc6 Rae8 17.Qe2 f5 18.Rd1 f4 19.exf4 Nxg3 20.Qxe7 Ne2+ 21.Qxe2 Rxe2 22.Rd2 Rxd2
23.Nxd2 Bxf4 24.Nf3 Bd6 25.Kf1 Re8 26.g3 a5 27.Bc1 Nb8 28.Rc3 Na6 29.Bh6 Nb4
30.a3 Na6 31.a4 c5 32.Bd2 Nb4 33.Rc1 Nd3 34.Rb1 Bf8 35.Bc3 Rc8 36.dxc5 Bxc5
37.Nd4 Ba3 38.Nb5 Bc5 39.f3 Bb4 40.Rd1 Nc5 41.Bxb4 axb4 42.Nd4 Kf7 43.h4 Kf6
44.Re1 h5 45.Re3 Rd8 46.Kg2 Rc8 47.Kh3 Rd8 48.g4 hxg4+ 49.fxg4 Rc8 50.g5+ Kf7
51.Rf3+ Kg7 52.h5 gxh5 53.Rf6 Re8 54.Nf5+ Kg8 55.Rg6+ Kf7 56.Rxb6 Re6 57.Rxb4 Kg6
58.Rb5 Ne4 59.Nh4+ Kxg5 60.Rxd5+ Kf6 61.a5 Re5  1/2-1/2

[Event "Hoogovens"]
[Site "Wijk aan Zee"]
[Date "1997.??.??"]
[Round "9"]
[White "Granda Zuniga, Julio E"]
[Black "Kortschnoj, Viktor"]
[Result "1-0"]
[WhiteElo "2620"]
[BlackElo "2635"]

1.d4 d5 2.c4 dxc4 3.e4 Nf6 4.e5 Nd5 5.Bxc4 Nb6 6.Bb3 Nc6 7.Ne2 Bf5 8.Nbc3 e6
9.O-O Qd7 10.a3 Be7 11.Be3 Na5 12.Ba2 Nac4 13.Ng3 Bg6 14.Qe2 Nxe3 15.Qxe3 O-O-O
16.Rfd1 Kb8 17.b4 f6 18.Nge4 Nd5 19.Nxd5 exd5 20.Nc3 fxe5 21.Nxd5 e4 22.Nxe7 Qxe7
23.d5 Qd6 24.Rd4 Rhf8 25.Re1 Qf6 26.Bb1 a6 27.Qd2 Rfe8 28.h3 c6 29.d6 Rd7
30.Bxe4 Rxe4 31.Rexe4 Bxe4 32.Rxe4 Rxd6 33.Re8+ Kc7 34.Qe3 g5 35.g3 h6 36.Re7+ Kc8
37.Rh7 Rd7 38.Qe8+ Rd8 39.Qe2 Kb8 40.Kg2 Rh8 41.Re7 Rf8 42.Re6 Qd4 43.Rxh6 Qd5+
44.f3 Qb3 45.Rh5 Qxa3 46.Rxg5 Qxb4 47.h4 Ka7 48.Qe3+ Qb6 49.Qxb6+ Kxb6 50.h5 a5
51.h6 Re8 52.g4 a4 53.Rh5 a3 54.g5 Re1 55.h7 a2 56.h8=Q a1=Q 57.Qxa1 Rxa1
58.g6 Ra8 59.f4 Kc7 60.f5 Kd6 61.g7 Ke7  1-0

[Event "Pamplona 9798"]
[Site "Pamplona"]
[Date "1998.01.03"]
[Round "7"]
[White "San Segundo, Pablo"]
[Black "Granda Zuniga, Julio E"]
[Result "0-1"]
[WhiteElo "2495"]
[BlackElo "2625"]

1.Nf3 c5 2.c4 Nf6 3.Nc3 b6 4.g3 Bb7 5.Bg2 e6 6.O-O Be7 7.Re1 d5 8.cxd5 Nxd5
9.e4 Nxc3 10.bxc3 Nc6 11.d4 O-O 12.d5 Na5 13.Qc2 f5 14.c4 fxe4 15.Qxe4 Bf6
16.Qxe6+ Kh8 17.Ne5 Nxc4 18.Nxc4 Bc8 19.Qe2 Bxa1 20.Ne5 Bc3 21.Rd1 Bb7 22.Bf4 Qe8
23.Qe3 Bxe5 24.Bxe5 Rd8 25.f4 Qf7 26.Qc3 Kg8 27.Qc4 Rd7 28.Be4 Rfd8 29.Qc2 Qh5
30.Qb3 c4 31.Qa4 b5  0-1

[Event "Pamplona 9798"]
[Site "Pamplona"]
[Date "1998.01.05"]
[Round "9"]
[White "Arizmendi Martinez, Julen Luis"]
[Black "Granda Zuniga, Julio E"]
[Result "0-1"]
[WhiteElo "2470"]
[BlackElo "2625"]

1.e4 c5 2.Nf3 Nc6 3.Nc3 e5 4.Bc4 d6 5.d3 h6 6.Nd2 Be7 7.Nf1 Bg5 8.Ne3 Nge7
9.Qh5 g6 10.Qd1 Nd4 11.O-O O-O 12.a3 Kg7 13.Ned5 Nec6 14.b4 Be6 15.b5 Nb8
16.Ne2 Bxc1 17.Rxc1 Nd7 18.c3 Nxe2+ 19.Qxe2 Nb6 20.Qa2 Nxc4 21.Qxc4 f5 22.f3 Rc8
23.Qa4 Bxd5 24.exd5 Qb6 25.c4 Ra8 26.Rb1 Qd8 27.Qc2 Qf6 28.Qd2 g5 29.a4 h5
30.Rf2 Qg6 31.Rbf1 Rf7 32.Kh1 Re7 33.Qe2 Kf7 34.Qd2 Kg8 35.Re2 Qf6 36.Rfe1 Rae8
37.Qa5 b6 38.Qc3 Kf7 39.Kg1 g4 40.Kh1 gxf3 41.gxf3 Qh4 42.Rg1 Rg8 43.Rxg8 Kxg8
44.Rg2+ Rg7 45.Qd2 Kf7 46.Rxg7+ Kxg7 47.Kg2 Kg6 48.Qe3 Qg5+ 49.Kf2 Qxe3+
50.Kxe3 Kg5 51.h3 h4 52.f4+ exf4+ 53.Kf3 Kg6 54.Kxf4 Kf6 55.Kf3 Ke5 56.Ke3 f4+
57.Kf3 Kd4 58.Kxf4 Kxd3 59.Kf5 Kxc4 60.Ke6 Kb3 61.Kxd6 c4 62.Ke6 c3 63.d6 c2
64.d7 c1=Q 65.d8=Q Qe3+ 66.Kf6 Qxh3 67.Qd1+ Kb4 68.Qd4+ Ka5 69.Qd2+ Kxa4
70.Qd4+ Kxb5 71.Qd5+ Kb4 72.Qd4+ Kb3 73.Qd5+ Kc3 74.Qe5+ Kd3 75.Qd5+ Ke2
76.Qa2+ Kf1 77.Qc4+ Kg2  0-1

[Event "Pamplona 9798"]
[Site "Pamplona"]
[Date "1998.01.30"]
[Round "5"]
[White "Bacrot, Etienne"]
[Black "Granda Zuniga, Julio E"]
[Result "1/2-1/2"]
[WhiteElo "2545"]
[BlackElo "2625"]

1.d4 d5 2.c4 dxc4 3.e4 c5 4.d5 Nf6 5.Nc3 b5 6.Bf4 Ba6 7.Qf3 b4 8.Nd1 g6 9.Ne3 Bg7
10.Bxc4 Bxc4 11.Nxc4 Nbd7 12.Qe2 Nb6 13.Be5 Nxc4 14.Qxc4 O-O 15.Nf3 Nd7 16.Bxg7 Kxg7
17.O-O Qc7 18.Rfe1 Nb6 19.Qe2 Rfe8 20.Red1 Rad8 21.Rac1 e6 22.Qb5 exd5 23.exd5 Rc8
24.d6 Qc6 25.Qxc6 Rxc6 26.Nd4 Rcc8 27.Nb5 Re2 28.g3 Rxb2 29.Nxa7 Ra8 30.d7 Rd8
31.Rxc5 Rxd7 32.Rxd7 Nxd7 33.Rb5  1/2-1/2

[Event "New York op"]
[Site "New York"]
[Date "1998.03.16"]
[Round "1"]
[White "Granda Zuniga, Julio E"]
[Black "Nogueira, Ivan K"]
[Result "1-0"]
[WhiteElo "2630"]
[BlackElo "2295"]

1.e4 e5 2.f4 exf4 3.Bc4 d5 4.Bxd5 Nf6 5.Bc4 Nxe4 6.Nf3 Bd6 7.d3 Nc5 8.O-O O-O
9.b4 Ne6 10.c3 a5 11.b5 g5 12.Ba3 Nd7 13.Bxd6 cxd6 14.a4 Re8 15.Nbd2 Ne5
16.Nxe5 dxe5 17.Qh5 Kg7 18.Rae1 f6 19.h4 h6 20.d4 Rf8 21.hxg5 hxg5 22.Bd3 f5
23.Rxe5 Nxd4 24.Rfe1 Ne6 25.Bxf5  1-0

[Event "New York op"]
[Site "New York"]
[Date "1998.03.17"]
[Round "3"]
[White "Granda Zuniga, Julio E"]
[Black "Ivanov, Alexander"]
[Result "1/2-1/2"]
[WhiteElo "2630"]
[BlackElo "2545"]

1.d4 Nf6 2.Nf3 e6 3.c4 b6 4.g3 Ba6 5.b3 Bb4+ 6.Bd2 Be7 7.Bg2 O-O 8.O-O c6
9.Bc3 d5 10.Nbd2 Nbd7 11.Rc1 c5 12.Rc2 Rc8 13.Qa1 dxc4 14.Nxc4 Nd5 15.Bd2 b5
16.Ba5 Qe8 17.Ncd2 b4 18.Nc4 N7b6 19.Bxb6 Nxb6 20.Nxb6 axb6 21.dxc5 Rxc5  1/2-1/2

[Event "New York op"]
[Site "New York"]
[Date "1998.03.18"]
[Round "5"]
[White "Berkovich, Mark A"]
[Black "Granda Zuniga, Julio E"]
[Result "1/2-1/2"]
[WhiteElo "2390"]
[BlackElo "2630"]

1.c4 e6 2.Nf3 d5 3.b3 Nf6 4.Bb2 Bd6 5.g3 b6 6.Bg2 Bb7 7.O-O O-O 8.Nc3 a6
9.Qc2 Nbd7 10.Rac1 Re8 11.d3 c5 12.cxd5 exd5 13.d4 Rc8 14.e3 b5 15.dxc5 Nxc5
16.Qf5 g6 17.Qb1 b4 18.Ne2 Nce4 19.Qd3 Qa5 20.Ng5 Qxa2 21.Rxc8 Rxc8 22.Nxe4 Nxe4
23.Qd4 Nc3 24.Bxc3 bxc3 25.Nxc3 Qb2 26.Bxd5 Qxc3 27.Bxb7 Qxd4 28.exd4 Rc3
29.Bxa6  1/2-1/2

[Event "New York op"]
[Site "New York"]
[Date "1998.03.21"]
[Round "8"]
[White "Granda Zuniga, Julio E"]
[Black "Rogers, Ian"]
[Result "1-0"]
[WhiteElo "2630"]
[BlackElo "2570"]

1.d4 d6 2.e4 e5 3.Nf3 Nd7 4.Bc4 Be7 5.O-O c6 6.dxe5 dxe5 7.Ng5 Bxg5 8.Qh5 Qf6
9.Bxg5 Qg6 10.Qh4 Ngf6 11.f3 O-O 12.Be3 Nb6 13.Bb3 Re8 14.Nd2 Be6 15.Bxe6 Rxe6
16.a4 Ree8 17.a5 Nc8 18.Nc4 Nd7 19.Rfd1 Qe6 20.b3 Rb8 21.Rd2 b5 22.axb6 axb6
23.Rad1 Nf8 24.Qg3 b5 25.Nb2 Ra8 26.Nd3 f6 27.h4 h5 28.Kh2 Kh7 29.Nb4 Ng6
30.Rd7 Re7 31.Qh3 Qxh3+ 32.Kxh3 Rxd7 33.Rxd7 Nce7 34.g3 f5 35.Rc7 Ra1 36.Bg5 fxe4
37.fxe4 Ng8 38.Kg2 Nf8 39.Rxc6 Nd7 40.Nd5 Re1 41.Nc3 Ndf6 42.Bd2 Ra1 43.Rb6 Ng4
44.Rxb5 N8f6 45.Rb6 Ra8 46.Rd6 Rc8 47.Rd3 Kg6 48.Kf3 Kf7 49.Rd6 Nh2+ 50.Ke2 Nhg4
51.Be1 Ke7 52.Ra6 Kf7 53.Ra5 Ke6 54.Ra6+ Kf7 55.Ra7+ Kg6 56.Ra5 Nd7 57.Kd1 Nc5
58.Kc1 Kh7 59.Kb2 Kh8 60.Ra7 Nf6 61.Re7 Ng4 62.b4 Rb8 63.b5 Nb7 64.Re6 Na5
65.Ra6 Ne3 66.Bf2 Nec4+ 67.Ka2 Rc8 68.Na4 Nd2 69.Rxa5 Rxc2+ 70.Ka3 Nb1+ 71.Kb4  1-0

[Event "Madrid Magistral 7th"]
[Site "Madrid"]
[Date "1998.05.12"]
[Round "2"]
[White "Granda Zuniga, Julio E"]
[Black "Beliavsky, Alexander G"]
[Result "0-1"]
[WhiteElo "2630"]
[BlackElo "2690"]

1.d4 Nf6 2.c4 e6 3.Nc3 Bb4 4.e3 c5 5.Bd3 O-O 6.a3 cxd4 7.axb4 dxc3 8.bxc3 d5
9.cxd5 exd5 10.h3 Ne4 11.Bb2 Qg5 12.Kf1 Bf5 13.Nf3 Qe7 14.Be2 Rd8 15.b5 Nd7
16.g4 Be6 17.Kg2 Ndc5 18.Ra3 Nd6 19.Nd4 Nc4 20.Ra2 Qf6 21.Bc1 Ne4 22.Qe1 Rdc8
23.Ba3 a5 24.Bd1 Bd7 25.Bb3 h5 26.f3 Nxc3 27.Qxc3 Nxa3 28.Qa1 Nc4 29.Bxc4 Rxc4
30.Rxa5 Re8 31.Re1 Qe5 32.Ra8 Bxb5 33.Rxe8+ Bxe8 34.Qb2 b5 35.Qd2 b4 36.Rb1 Rc3
37.Rxb4 Rxe3 38.Rb2 g6 39.Rb3 Re1 40.Rb2 h4 41.Qf2 Rd1 42.Re2 Qb8 43.f4 Bb5
44.Rd2 Rb1 45.Qe3 Qa7 46.Qf2 Qe7 47.Nf3 Rb3 48.Qxh4 Qe4 49.Qf2 Re3  0-1

[Event "Madrid Magistral 7th"]
[Site "Madrid"]
[Date "1998.05.13"]
[Round "3"]
[White "San Segundo, Pablo"]
[Black "Granda Zuniga, Julio E"]
[Result "1/2-1/2"]
[WhiteElo "2505"]
[BlackElo "2630"]

1.Nf3 d5 2.d4 Nf6 3.c4 c6 4.Nc3 e6 5.e3 Nbd7 6.Qc2 Bd6 7.Bd3 O-O 8.O-O dxc4
9.Bxc4 a6 10.Rd1 Qc7 11.Ne4 Nxe4 12.Qxe4 Rd8 13.Bd2 b6 14.Rac1 Bb7 15.Qh4 Nf8
16.b4 c5 17.Be2 Rac8 18.bxc5 bxc5 19.dxc5 Bxc5 20.Qa4  1/2-1/2

[Event "Madrid Magistral 7th"]
[Site "Madrid"]
[Date "1998.05.14"]
[Round "4"]
[White "Granda Zuniga, Julio E"]
[Black "Illescas Cordoba, Miguel"]
[Result "1/2-1/2"]
[WhiteElo "2630"]
[BlackElo "2600"]

1.Nf3 Nf6 2.c4 c5 3.g3 d5 4.cxd5 Nxd5 5.Bg2 Nc6 6.Nc3 Nc7 7.d3 e5 8.O-O Be7
9.Nd2 Bd7 10.Nc4 f6 11.f4 b5 12.Ne3 Rc8 13.a4 b4 14.Nb5 exf4 15.Rxf4 Ne6
16.Nf5 O-O 17.Re4 Kh8 18.Be3 Ng5 19.Nxe7 Nxe7 20.Bxg5 fxg5 21.Nxa7 Ra8 22.Nb5 Nf5
23.Qc1 Qb6 24.Re5 Rac8 25.Kh1 Qh6 26.g4 Nh4 27.Qxg5 Qxg5 28.Rxg5 Rf2 29.Bf1 h6
30.Rh5 g5 31.Rxh6+ Kg7 32.Rd6 Bxg4 33.Rd5 Bxe2 34.Bxe2 Rxe2 35.Rxg5+ Kh6
36.Rg3 Rf8 37.Rag1 Rff2 38.Rh3 Kh5 39.Nd6 Rf3 40.Rhg3 Rff2 41.Rh3 Rf3 42.Ne4 Rxh3
43.Nf6+ Kh6 44.Ng8+  1/2-1/2

[Event "Madrid Magistral 7th"]
[Site "Madrid"]
[Date "1998.05.15"]
[Round "5"]
[White "Yermolinsky, Alex"]
[Black "Granda Zuniga, Julio E"]
[Result "1/2-1/2"]
[WhiteElo "2660"]
[BlackElo "2630"]

1.Nf3 Nf6 2.c4 e6 3.Nc3 Bb4 4.Qc2 O-O 5.a3 Bxc3 6.Qxc3 b6 7.b4 Bb7 8.Bb2 d6
9.g3 Nbd7 10.Bg2 a6 11.O-O c5 12.d4 Qe7 13.Rfd1 Rfc8 14.Rac1 Rc7 15.dxc5 bxc5
16.Qd3 Ne8 17.Nd2 Bxg2 18.Kxg2 Rb8 19.Bc3 Nb6 20.bxc5  1/2-1/2

[Event "Madrid Magistral 7th"]
[Site "Madrid"]
[Date "1998.05.19"]
[Round "7"]
[White "Granda Zuniga, Julio E"]
[Black "Svidler, Peter"]
[Result "0-1"]
[WhiteElo "2630"]
[BlackElo "2690"]

1.Nf3 Nf6 2.c4 g6 3.Nc3 Bg7 4.e4 d6 5.d4 O-O 6.Be2 e5 7.d5 Na6 8.Nd2 Bd7
9.O-O Ne8 10.a3 c5 11.Kh1 f5 12.exf5 gxf5 13.f4 e4 14.g4 Nac7 15.gxf5 Bxc3
16.bxc3 Bxf5 17.Rg1+ Kh8 18.Nf1 Qf6 19.Ng3 Ng7 20.Rb1 b6 21.Be3 Rae8 22.Qe1 Re7
23.Rb2 Qh6 24.Bd1 Nce8 25.Rbg2 Nf6 26.Nf1 Bh3 27.Rg5 Nf5 28.Ng3 Nh4 29.Qf2 Nf3
30.Bxf3 exf3 31.Qxf3 Bg4 32.Qf2 Rfe8 33.Re1 Bd7 34.Qg1 Ng4 35.Nf1 Qh3 36.Bd4+ cxd4
37.Qxd4+ Re5 38.fxe5 dxe5 39.Qd2 Rf8 40.Kg1 Rf2 41.Qxf2 Nxf2 42.Kxf2 Qh4+
43.Rg3 Qxc4 44.Ne3 Qa2+ 45.Kg1 Qxa3 46.Rf1 Qe7 47.Nc4 h5 48.Rf2 Kh7 49.Rgf3 Be8
50.Rf5 Qg7+ 51.Rg2 Qc7 52.Rxe5 Bg6 53.Re6 Bf7 54.Rf6 Bxd5  0-1